|
|
|
|
| LEADER |
00000nam0a2200000 4500 |
| 001 |
196890 |
| 005 |
20231031183301.0 |
| 035 |
|
|
|a (RuTPU)RU\TPU\book\214769
|
| 090 |
|
|
|a 196890
|
| 100 |
|
|
|a 20110601d1933 m y0rusy50 ca
|
| 101 |
0 |
|
|a rus
|
| 102 |
|
|
|a RU
|
| 105 |
|
|
|a a z 000zy
|
| 200 |
1 |
|
|a Основы номографии
|f К. Ф. Матикайнен
|g Всесоюзный учебный комбинат промышленной кооперации им. т. Молотова ; под ред. Н. Н. Богословского
|
| 210 |
|
|
|a Ленинград
|c КУБУЧ
|d 1933
|
| 215 |
|
|
|a 72 с.
|c ил.
|
| 610 |
1 |
|
|a номография
|
| 610 |
1 |
|
|a номограммы
|
| 675 |
|
|
|a 519.675
|v 3
|
| 700 |
|
1 |
|a Матикайнен
|b К. Ф.
|
| 702 |
|
1 |
|a Богословский
|b Н. Н.
|4 340
|
| 712 |
0 |
2 |
|a Всесоюзный учебный комбинат промышленной кооперации им. т. Молотова
|2 stltpush
|3 (RuTPU)RU\TPU\col\17454
|
| 801 |
|
1 |
|a RU
|b 63413507
|c 20110601
|
| 801 |
|
2 |
|a RU
|b 63413507
|c 20110830
|g RCR
|
| 942 |
|
|
|c BK
|